Proceedings of first national conference on trends and applications in laser technology and optoelectronics : (Record no. 77523)

MARC details
000 -LEADER
fixed length control field 00725nam a22002057a 4500
005 - DATE AND TIME OF LATEST TRANSACTION
control field 20130716113552.0
010 ## - LCCN (DPL NO)
LC control number ENG-107995
020 ## - INTERNATIONAL STANDARD BOOK NUMBER
International Standard Book Number 9788184248265
Terms of availability 800.00
035 ## - SYSTEM CONTROL NUMBER
System control number EN-91528
037 ## - SOURCE OF ACQUISITION
Source of stock number/acquisition DBAD/PUB
245 ## - TITLE STATEMENT
Title Proceedings of first national conference on trends and applications in laser technology and optoelectronics :
Statement of responsibility, etc edited by Jai Paul Dudeja, Priti Singh [and] Ranjeet Kumar Brajpuriya
Remainder of title TALTO-1 /
260 ## - PUBLICATION, DISTRIBUTION, ETC. (IMPRINT)
Place of publication, distribution, etc New Delhi
Name of publisher, distributor, etc Allied Publishers
Date of publication, distribution, etc 2013
270 ## - ADDRESS
Address 1/13-14 Asaf Ali Road,
City New Delhi
Postal code 110002
300 ## - PHYSICAL DESCRIPTION
Extent xiii,246p. :
Dimensions 24cm(pbk)
Other physical details ill.
500 ## - GENERAL NOTE
General note Includes index
700 ## - ADDED ENTRY--PERSONAL NAME
Personal name Dudeja, Jai Paul
700 ## - ADDED ENTRY--PERSONAL NAME
Personal name Priti Singh
700 ## - ADDED ENTRY--PERSONAL NAME
Personal name Brajpuriya, Ranjeet Kumar
942 ## - ADDED ENTRY ELEMENTS (KOHA)
Source of classification or shelving scheme Dewey Decimal Classification
Item type English Books
Call number suffix PRO
Holdings
Withdrawn status Lost status Not for loan Collection code Home library Current library Date acquired Source of acquisition Cost, normal purchase price Full call number Barcode Copy number Cost, replacement price Koha item type
    Not For Loan Non-fiction D.B.Act.Division D.B.Act.Division 16/07/2013 DBAD/PUB 800.00 PRO EN-91528 1 800.00 English Books

© Delhi Public Library
Hit Counter
free hit counter